00611nam a22001697a 4500003000400000005001700004008004100021040001800062100002100080245016400101260002000265650001900285650002500304650002900329700002500358856005800383OSt20240910154728.0240910b ||||| |||| 00| 0 eng d cAIMIT LIBRARY aSahana.e2216169 aAnalyzing inventory turnover and its influence on profitability :ba case study of megha fruit processing private limited /cBy Sahana ; Guided by P V Sumitha. aPuttur ;c2024. aTrend analysis aComparative analysis aFuture scope of research aSumitha, P V.eGuide 3Megha Fruit Processing Pvt Ltd.ywww.sgcorporates.com